Helldivers 2 Planets - Sudden Death - Statistics

General Stats
  • This quiz has been taken 61 times
  • The average score is 5 of 20
Answers on the Grid
Answers color-coded by a green-red scale on the quiz's grid according to % correct below.
Freedom's Peak
Oshaune
Nivel 44
Bore Rock
Super Earth
Cyberstan
Mars
Vermen Prime
Gorgon V
Fori Prime
New Stockholm
Oslo Station
Fori Bay
Verdia Bay
Grand Errant
Sulfur Springs
Ultra Earth
East Iridium Trading Bay
Malevelon Creek
Malevelon Bay
West Iridium Trading Bay
Fury
K
Remembrance
Matar Bay
Chort Prime
Vog-Sojoth
Hellmire
New Haven
Prosperity Bay
Fort Liberty
Fort Union
Terra
Fort Sanctuary
Phact Bay
 
Answer Stats
Answer % Correct
Malevelon Creek
58%
This should be the easiest one Super Earth
42%
We launched a massive invasion into this planet a couple months ago, Cyberstan
38%
this is the other planet in the Sol Systems thats not Super Earth Mars
38%
Fori Prime
31%
Hellmire
31%
Oshaune
31%
Bore Rock
27%
Fury
27%
Yes, that's an actual planet name K
27%
Matar Bay
27%
New Stockholm
27%
Yes, This is a planet Vog-Sojoth
23%
Fort Union
19%
Phact Bay
15%
Grand Errant
12%
New Haven
12%
East Iridium Trading Bay
8%
Fort Sanctuary
8%
Oslo Station
8%
No matching quizzes found
Score Distribution
Percent of People with Each Score
Percentile by Number Answered
Your Score History
You have not taken this quiz